| 000 | 00863cab a2200265 4500 | ||
|---|---|---|---|
| 001 | WB3342-42 | ||
| 008 | 090401t1997 xxu||||| |||| 00| 0 eng d | ||
| 035 | _a(Sirsi) u81719 | ||
| 041 | _aeng | ||
| 245 | _aLegal notes - Valuation gloom | ||
| 260 | _c1997 | ||
| 350 | _a0 | ||
| 490 |
_aEstates Gazette _v(9743) 25 October 1997, 130(1) |
||
| 520 | _aConsiders two points which emerge from judicial scrutiny of the case "Interallianz Finanz AG v Independent Insurance Co Ltd" (1997), on the position of valuer in a negligence claim. | ||
| 650 | _aINTERALLIANZ FINANZ AG V INDEPENDENT INSURANCE | ||
| 650 | _aMARGIN OF ERROR | ||
| 650 | _aNEGLIGENCE | ||
| 650 | _aRECENT SALE | ||
| 650 | _aRICS APPRAISAL AND VALUATION MANUAL | ||
| 650 | _aSALE PRICE | ||
| 650 | _aVALUERS | ||
| 690 | _aRATING AND VALUATION | ||
| 942 | _n0 | ||
| 948 | _c28/10/1997 | ||
| 999 |
_c51521 _d51521 |
||